Logo biblioteca
Santa Fe 2917, Rosario, Santa Fe
Lu-Vi 8 a 19.45
+54-341-4232362
bibliotecaeudoro@gmail.com
Facebook Biblioteca Pedagógica
Sitio web

Las lealtades / (Registro nro. 32548)

Detalles MARC
000 -CABECERA
campo fijo de control de longitud 00684nam a2200229 4500
003 - IDENTIFICADOR DEL NÚMERO DE CONTROL
campo de control AR-RoBPED
005 - FECHA Y HORADE LA ULTIMA TRANSACCION
campo de control 20260410154428.0
008 - ELEMENTOS DE LONGITUD FIJA--INFORMACION GENERAL
campo fijo de control de longitud 260410s2025 es ||||er|||| 000 1 spa d
020 ## - ISBN
ISBN 97884339880496
040 ## - FUENTE CATALOGADORA
Centro catalogador/agencia de origen AR-RoBPED
041 ## - IDIOMA
Código de idioma para texto/pista de sonido o título independiente spa
100 ## - ENCABEZAMIENTO PRINCIPAL--AUTOR PERSONAL
Nombre de persona Vigan, Delphine de
Fechas nac-muerte 1966-
9 (RLIN) 27430
245 14 - TITULO
Título Las lealtades /
Mención de responsabilidad Delphine de Vigan; traducción de Javier Albiñana.
250 ## - EDICION
Edición 11a. ed.
260 ## - PUBLICACION
Lugar Barcelona :
Editor Anagrama,
Fecha 2025.
300 ## - DESCRIPCION FISICA
Extensión 200 p.
650 #4 - TERMINO DE MATERIA--CONTROLADO
Término controlado LITERATURA FRANCESA
9 (RLIN) 393
Término controlado NOVELAS
9 (RLIN) 25
700 1# - ENCABEZAMIENTO SECUNDARIO--AUTOR PERSONAL
Nombre de persona Albiñana, Javier
9 (RLIN) 27932
Función trad.
942 ## - ELEMENTOS KOHA
Fuente de clasificación Universal Decimal Classification
Número Koha k. 32548
Koha tipo de ítem Libro
Clasificación 840-31
Signatura librística Vi 63 l
Inventario inv. 42396
945 ## - PROCESAMIENTO DE LA INFORMACIÓN LOCAL
Catalogador y fecha cd 10/04/2026 -
Existencias
Estado retirado Estado perdido Fuente de clasificación Estado dañado No se presta Biblioteca propietaria Biblioteca de reserva Fecha de adquisición Procedencia Total de préstamos Total de renovaciones Signatura topográfica completa Código de barras (nº de inventario) Préstamo Fecha visto por última vez Fecha del último préstamo Catalogador y fecha Tipo de ítem Koha Nota pública
    Universal Decimal Classification     Biblioteca Pedagógica Eudoro Díaz Biblioteca Pedagógica Eudoro Díaz 10/04/2026 compra 1 1 840-31 Vi 63 l 42396 20/04/2026 13/04/2026 13/04/2026 cd 10/04/2026 Libro Se presta 15 días